Elogio de la templanza y otros escritos morales / (Record no. 94047)

MARC details
000 -CABECERA
campo de control de longitud fija 00653nam a2200205 a 4500
005 - FECHA Y HORA DE LA ÚLTIMA TRANSACCIÓN
campo de control 20210223124828.0
008 - ELEMENTOS DE LONGITUD FIJA--INFORMACIÓN GENERAL
campo de control de longitud fija 030210s1997 es r 000 0 spa d
020 ## - NÚMERO INTERNACIONAL NORMALIZADO PARA LIBROS
Número Internacional Estándar del Libro 8478807160
035 ## - NÚMERO DE CONTROL DEL SISTEMA
Número de control de sistema UPN01000121834
049 ## - COLECCIÓN
Colección CG
050 #4 - SIGNATURA TOPOGRÁFICA DE LA BIBLIOTECA DEL CONGRESO
Número de clasificación BV4647 T4
Número de documento/Ítem B6.38
100 1# - ASIENTO PRINCIPAL--NOMBRE PERSONAL
Nombre de persona Bobbio, Norberto,
Fechas asociadas al nombre 1909-2004
245 10 - MENCIÓN DE TÍTULO
Título Elogio de la templanza y otros escritos morales /
Mención de responsabilidad, etc. Norberto Bobbio ; tr. Francisco Javier Ansuátegui.
260 ## - PUBLICACIÓN, DISTRIBUCIÓN, ETC.
Lugar de publicación, distribución, etc. Madrid :
Nombre del editor, distribuidor, etc. Temas de Hoy,
Fecha de publicación, distribución, etc. c1997.
300 ## - DESCRIPCIÓN FÍSICA
Extensión 245 p.
440 #0 - MENCIÓN DE SERIE/ASIENTO SECUNDARIO--TÍTULO
Título Temas de hoy.
Nombre de parte o sección de la obra Ensayo
534 ## - NOTA SOBRE LA VERSIÓN ORIGINAL
Frase introductoria Traducción de :
Mención de título del original Elogio della mitessa e altri scritti morali
650 #4 - ASIENTO SECUNDARIO DE MATERIA - TERMINO TEMATICO
Término de materia o nombre geográfico como elemento de entrada TEMPLANZA
9 (RLIN) 25689
905 ## - TIPO DE MATERIAL
Tipo de material Libro
Holdings
Estado de retiro Estado de pérdida Fuente del sistema de clasificación o colocación Estado dañado No para préstamo Código de colección Localización permanente Ubicación/localización actual Ubicación en estantería Total de préstamos Clasificación Código de barras Fecha visto por última vez Número de copia Tipo de ítem Koha
    Library of Congress Classification     Colección General Bib. Gregorio Torres Quintero Bib. Gregorio Torres Quintero Planta baja 4 BV4647 T4 B6.38 196241 31/12/2020 1 Libro